000 01471nam a2200409 i 4500
001 197472
003 ES-MaACL
005 20250805062636.0
007 ta
008 220829s1985||||sp a###fr 000 0 spa d
017 _aMU 237-1985
020 _a8473160452
035 _a(OCoLC)1342556070
040 _aABES
_bfre
_eAFNOR
_cES-MaACL
041 0 _2639-2
082 0 _a946.4/307
100 1 _0(IdRef)028891228
_1http://www.idref.fr/028891228/id
_aBravo Morata, Federico
_eaut
_931495
245 1 0 _aHistoria de Madrid.
_nVolumen 5,
_p1923-1927, el apogeo de la dictadura /
_cFederico Bravo Morata.
246 1 3 _a1923-1927, el apogeo de la dictadura
250 _a5a edición.
264 1 _aMadrid :
_b[Fenicia],
_c1985.
300 _a1 vol. (197 p.) :
_bill. ;
_c21 cm.
336 _btxt
_2rdacontent
_atexto
337 _bn
_2rdamedia
_asin mediación
337 _bn
_2isbdmedia
_asin mediación
338 _bnga
_2RDAfrCarrier
_avolumen
490 1 _aHistoria de Madrid ;
_v5
651 4 _aMadrid
_98939
651 4 _aEspaña-
_y1923-1930, Dictadura
_98281
_xHistoria-
830 0 _aHistoria de Madrid
_v5
_9240827
852 _aES-MaACL
_cDEPO1
_jA-15565
_hDonación: Fernando Codina Rodríguez
_xEncuadernación rústica
_9205912
903 _aCodina Rodríguez, Fernando
_ednr
_9238631
942 _n0
_cMONOGRAFIA
999 _c197472
_d197472